Statystyki dla Skład Wolverhampton w Premier League 2023/24

Kliknij tutaj aby rozwiązać quiz!

Ogólne statystyki

  • Ten quiz został rozwiązany 13 razy
  • Średni wynik to 12 z 30

Statystyki odpowiedzi

NumerZawodnik% Poprawnych
1Jose Sa
92%
22Nelson Semedo
77%
7Pedro Neto
77%
12Matheus Cunha
69%
11Hee-chan Hwang
62%
23Max Killman
62%
21Pablo Sarabia
62%
9Raul Jimenez
62%
37Adama Traore
54%
19Jonny
54%
6Boubacar Traore
46%
28Joao Moutinho
46%
3Ryan Ait-Nouri
46%
15Craig Dawson
38%
10Daniel Podence
38%
64Hugo Bueno
38%
35Joao Gomes
38%
5Mario Lemina
38%
18Sasa Kalajdzic
38%
24Toti
38%
25Daniel Bentley
31%
27Matheus Nunes
31%
8Ruben Neves
31%
29Diego Costa
23%
59Joe Hodge
23%
4Nathan Collins
8%
20Chiquinho
0%
81Dexter Lembikisa
0%
2Ki-Jana Hoever
0%
14Yerson Mosquera
0%

Rozkład punktacji

Percentyl według liczby udzielonych odpowiedzi

Procent ludzi z każdym wynikiem

Twoja historia wyników

Nie rozwiązałeś tego quizu